Explaining the offsite rule (Record no. 76685)
[ view plain ]
| 000 -LEADER | |
|---|---|
| fixed length control field | 00993cab a2200181 4500 |
| 001 - CONTROL NUMBER | |
| control field | ##L132908 |
| 008 - FIXED-LENGTH DATA ELEMENTS--GENERAL INFORMATION | |
| fixed length control field | 060322n2006 000 0 eng u |
| 035 ## - SYSTEM CONTROL NUMBER | |
| System control number | (Sirsi) u132908 |
| 041 0# - LANGUAGE CODE | |
| Language code of text/sound track or separate title | eng |
| 100 1# - MAIN ENTRY--PERSONAL NAME | |
| Personal name | Alderson, Ann |
| 245 00 - TITLE STATEMENT | |
| Title | Explaining the offsite rule |
| 260 ## - PUBLICATION, DISTRIBUTION, ETC. | |
| Date of publication, distribution, etc. | 2006 |
| 490 #0 - SERIES STATEMENT | |
| Series statement | RICS Building Surveying Faculty The Journal |
| Volume/sequential designation | March / April 2006, 14(1) |
| 520 ## - SUMMARY, ETC. | |
| Summary, etc. | Looks at the Offsite Project Toolkit, which has been developed to help designers and their clients maximise the benefits of offsite construction. It consists of an interactive CD divided into three modules, the first of which provides a methodology for identifying and ranking six key project drivers, the second introduces the concept of offsite construction and includes illustrated summary case studies, whilst the third offers two different methods for assessing results. |
| 590 ## - LOCAL NOTE (RLIN) | |
| Local note | IKA280306 |
| 690 ## - LOCAL SUBJECT ADDED ENTRY--TOPICAL TERM (OCLC, RLIN) | |
| Topical term or geographic name as entry element | BUILT ENVIRONMENT-CONSTRUCTION MANAGEMENT-CONSTRUCTION DESIGN AND MANAGEMENT |
| 942 ## - ADDED ENTRY ELEMENTS (KOHA) | |
| Suppress in OPAC | 0 |
| Withdrawn status | Lost status | Source of classification or shelving scheme | Damaged status | Not for loan | Home library | Current library | Shelving location | Date acquired | Total Checkouts | Full call number | Barcode | Date last seen | Copy number | Price effective from | Koha item type |
|---|---|---|---|---|---|---|---|---|---|---|---|---|---|---|---|
| Dewey Decimal Classification | London | London | Journal article | 22/03/2006 | L132908 | 132908-1001 | 06/08/2019 | 1 | 06/08/2019 | Journal article |